[Event "Moscow2"]
[Site "Moscow"]
[Date "1995.??.??"]
[Round "?"]
[White "Sveshnikov, Evgeny"]
[Black "Vasiukov, Evgeni"]
[Result "1-0"]
[WhiteElo "2560"]
[BlackElo "2490"]

1.e4 d6 2.d4 Nf6 3.Nc3 e5 4.Nf3 Nbd7 5.g3 Be7 6.Bg2 O-O 7.O-O c6 8.a4 a5
9.b3 b6 10.Bb2 Ba6 11.Re1 Qc7 12.Qd2 Rfe8 13.Rad1 Rad8 14.Qc1 Bf8 15.Qa1 h6
16.Nb1 Ra8 17.Nbd2 Kh7 18.h3 Rac8 19.Nf1 b5 20.Ne3 Kg8 21.Ng4 Nxg4 22.hxg4 b4
23.g5 hxg5 24.Nxg5 exd4 25.Rxd4 Be7 26.Nh3 Bf6 27.Rdd1 Rcd8 28.Nf4 Bxb2 29.Qxb2 Nf6
30.Qd4 Qb8 31.Qe3 Qc7 32.Qf3 Bc8 33.Nh5 Nxh5 34.Qxh5 Re5 35.Qe2 Rc5 36.Rd4 Rc3
37.e5 d5 38.Qh5 Be6 39.Rh4 Kf8 40.Bh3 Ke7 41.Rf4 Rf8 42.Qg5+ Ke8 43.Bxe6 fxe6
44.Qg6+ Rf7 45.Qxe6+ Kf8 46.Qd6+ Qe7 47.Qb8+ Qe8 48.Rxf7+ Kxf7 49.e6+ Ke7
50.Qc7+ Kf8 51.e7+ Kf7 52.Qd6 g6 53.Re6  1-0

[Event "Moscow-ch op"]
[Site "Moscow"]
[Date "1995.??.??"]
[Round "2"]
[White "Utemov, Vladimir"]
[Black "Frog, Ilya"]
[Result "0-1"]
[WhiteElo "2405"]
[BlackElo "2295"]

1.e4 d6 2.d4 Nf6 3.Nc3 e5 4.Nf3 Nbd7 5.Bc4 Be7 6.O-O O-O 7.a4 c6 8.Qe2 Qc7
9.Ba2 a5 10.Bg5 exd4 11.Nxd4 Nc5 12.Rfe1 Ng4 13.Bxe7 Qxe7 14.h3 Ne5 15.f4 Ng6
16.Qd2 Qf6 17.Rf1 Bd7 18.Rae1 Rad8 19.Rf2 Qh4 20.Ref1 Be6 21.Nxe6 fxe6 22.f5 Ne5
23.fxe6 Qe7 24.Rxf8+ Rxf8 25.Rd1 Rd8 26.Ne2 Kh8 27.Ng3 Nxe6 28.Nf5 Qf6 29.Bxe6 Qxe6
30.Nxg7 Qg6 31.Qxa5 Rg8 32.Rxd6 Qxd6 33.Nf5 Qd1+  0-1

[Event "Moscow op2"]
[Site "Moscow"]
[Date "1995.??.??"]
[Round "3"]
[White "Mitenkov, Alexey"]
[Black "Chekhov, Valery A"]
[Result "0-1"]
[WhiteElo "2430"]
[BlackElo "2500"]

1.d4 d6 2.e4 Nf6 3.Nc3 c6 4.a4 Qa5 5.f3 e5 6.Be3 Be7 7.Qd2 Nbd7 8.Nge2 O-O
9.Ng3 Re8 10.Be2 d5 11.O-O dxe4 12.Ncxe4 Qxd2 13.Nxd2 Nd5 14.Bf2 exd4 15.Bxd4 Bf6
16.Bxf6 N7xf6 17.Rfe1 Kf8 18.Kf2 Be6 19.c3 Rad8 20.Ngf1 Nf4 21.a5 Nd7 22.g3 Nxe2
23.Rxe2 Nc5 24.b4 Nd3+ 25.Kg1 Bf5 26.Rxe8+ Rxe8 27.Nb3 Bh3 28.Nd4 c5 29.bxc5 Nxc5
30.Nd2 Re3 31.Rc1 Rd3 32.Rc2 Na4 33.Ne4 Nxc3 34.Rxc3 Rxd4 35.Rc7 Rd7 36.Rc8+ Ke7
37.g4 Rd1+ 38.Kf2 f5 39.Nc3 fxg4 40.Rb8 Rf1+ 41.Ke3 Rxf3+ 42.Kd4 Ke6 43.Rxb7 Bf1
44.Rc7 Rf4+ 45.Ke3 Rb4 46.Rc4 Bxc4 47.Kf4 Kf6  0-1

[Event "Moscow op"]
[Site "Moscow"]
[Date "1995.??.??"]
[Round "5"]
[White "Golubev, Mihail"]
[Black "Annakov, Babakuli"]
[Result "1/2-1/2"]
[WhiteElo "2570"]
[BlackElo "2420"]

1.e4 d6 2.d4 Nf6 3.Nc3 e5 4.Nf3 Nbd7 5.Bc4 Be7 6.O-O O-O 7.a4 c6 8.Qe2 exd4
9.Nxd4 Re8 10.Bg5 Qb6 11.Nf5 Bf8 12.a5 Qc7 13.Qe3 d5 14.Bd3 dxe4 15.Bxe4 Nxe4
16.Nxe4 Ne5 17.Nxg7 Bxg7 18.Nf6+ Bxf6 19.Bxf6 Qd6 20.Qg3+ Bg4 21.Bxe5 Rxe5
22.Qxg4+ Kh8 23.a6 b6 24.Rad1 Qc5 25.Qh4 Re6 26.Rd7 Qf5 27.Rd8+ Rxd8 28.Qxd8+ Kg7
29.Qd7 Qa5 30.Qxa7 Re1 31.g3 Qa1 32.Rxe1 Qxe1+ 33.Kg2 Qe4+ 34.Kg1 Qe1+ 35.Kg2 Qe4+
36.Kf1 Qh1+ 37.Ke2 Qe4+ 38.Kf1  1/2-1/2

[Event "Moscow-ch op"]
[Site "Moscow"]
[Date "1995.??.??"]
[Round "5"]
[White "Nikolenko, Oleg"]
[Black "Gelman, Alexander"]
[Result "1/2-1/2"]
[WhiteElo "2475"]
[BlackElo "2375"]

1.e4 d6 2.d4 Nf6 3.Nc3 e5 4.Nf3 Nbd7 5.Bc4 Be7 6.O-O O-O 7.a4 c6 8.Re1 Qc7
9.h3 Re8 10.a5 h6 11.Be3 Bf8 12.Ba2 exd4 13.Qxd4 Ne5 14.Nxe5 dxe5 15.Qa4 Nh5
16.Qc4 Be6 17.Qe2 Nf4 18.Bxf4 exf4 19.e5 a6 20.Bxe6 Rxe6 21.Ra4 Rae8 22.Rxf4 Qxe5
23.Qxe5 Rxe5 24.Rfe4 Rxe4 25.Rxe4 Rd8 26.Rc4 f5 27.g4 Rd2 28.Na4 Rd5 29.b4 Kf7
30.Kg2 Ke6 31.Nc3 Re5 32.Na4 g6 33.Kf3 Rb5 34.c3 Rd5 35.Ke3 fxg4 36.hxg4 h5
37.gxh5 gxh5 38.Nb2 Bh6+ 39.Kf3 Bg7 40.Na4 Bf8 41.Re4+ Re5 42.Rd4 c5 43.Rc4 cxb4
44.cxb4 Rf5+ 45.Kg3 Bd6+ 46.Kg2 Rb5 47.Nc5+ Bxc5 48.bxc5 Kd5 49.Ra4 Rxc5
50.Kg3 Kc6 51.Ra1 b5 52.axb6 Kxb6 53.f4 a5 54.Rf1 Kc6 55.f5 Kd7 56.Kf4 a4
57.Kg5 a3 58.Kxh5 a2 59.Kg6 Ra5  1/2-1/2

[Event "Moscow op"]
[Site "Moscow"]
[Date "1995.??.??"]
[Round "5"]
[White "Bigaliev, Renat"]
[Black "Eismont, Oleg"]
[Result "1/2-1/2"]
[WhiteElo "2345"]
[BlackElo "2435"]

1.e4 d6 2.d4 Nf6 3.Nc3 e5 4.Nf3 Nbd7 5.Bc4 Be7 6.O-O O-O 7.Qe2 c6 8.a4 exd4
9.Nxd4 Re8 10.Bf4 Bf8 11.Qf3 Ne5 12.Bxe5 Rxe5 13.h3 Qb6 14.Nde2 Bd7 15.Nf4 Be8
16.Nd3 Re7 17.Rfe1 Nd7 18.Rad1 Ne5 19.Nxe5 dxe5 20.Bb3 Rd8 21.Qf5 Qc7 22.Rxd8 Qxd8
23.Rd1 Qc7 24.Ne2 g6 25.Qf3 Rd7 26.Nc1 Rxd1+ 27.Qxd1 Kg7 28.Nd3 Bd6 29.Qd2 b5
30.Qc3 a6 31.Kh1 c5 32.axb5 axb5 33.Bd5 c4 34.Nc1 Qa7 35.Qd2 Qd4 36.Qxd4 exd4
37.g3 f5 38.Kg2 fxe4 39.Bxe4 Be5 40.f4 d3 41.cxd3 Bxb2 42.Na2 c3 43.Nb4 Ba3
44.Nc2 Bd6 45.Bd5 Bd7 46.Bb3 Kf6 47.d4 Ke7 48.Ne3 Be6 49.d5 Bd7 50.Nc2 h5
51.Nd4 Bc5 52.Ne6 Kd6 53.g4 hxg4 54.hxg4 b4 55.f5 gxf5 56.gxf5 Be3 57.f6 Be8
58.Ng7 Bg6 59.f7 Bxf7 60.Nf5+ Kc5 61.Nxe3 c2  1/2-1/2

[Event "Moscow op2"]
[Site "Moscow"]
[Date "1995.??.??"]
[Round "6"]
[White "Vorobiov, Evgeny E"]
[Black "Annakov, Babakuli"]
[Result "1-0"]
[WhiteElo "2325"]
[BlackElo "2410"]

1.e4 d6 2.d4 Nf6 3.Nc3 e5 4.Nf3 Nbd7 5.Bc4 Be7 6.O-O O-O 7.Re1 c6 8.a4 b6
9.d5 c5 10.a5 a6 11.axb6 Nxb6 12.Bf1 Ne8 13.Be3 Nd7 14.b3 g6  1-0

[Event "Moscow-ch op"]
[Site "Moscow"]
[Date "1995.??.??"]
[Round "6"]
[White "Pokrovski, Pavel"]
[Black "Annakov, Babakuli"]
[Result "1/2-1/2"]
[WhiteElo "2270"]
[BlackElo "2410"]

1.e4 d6 2.d4 Nf6 3.Nc3 c6 4.a4 e5 5.dxe5 dxe5 6.Qxd8+ Kxd8 7.Nf3 Bd6 8.Bc4 Be6
9.Bxe6 fxe6 10.b3 Nbd7 11.Bb2 Ke7 12.Nd2 Bc5 13.Ncb1 b6 14.h3  1/2-1/2

[Event "Moscow op"]
[Site "Moscow"]
[Date "1995.??.??"]
[Round "7"]
[White "Golubev, Mihail"]
[Black "Eismont, Oleg"]
[Result "0-1"]
[WhiteElo "2570"]
[BlackElo "2435"]

1.e4 d6 2.d4 Nf6 3.Nc3 e5 4.Nf3 Nbd7 5.Bc4 Be7 6.O-O O-O 7.a4 c6 8.Re1 Qc7
9.h3 exd4 10.Nxd4 Re8 11.Bf4 Ne5 12.Bf1 b6 13.Bh2 Bb7 14.f4 Rad8 15.Kh1 Bf8
16.Qd2 Ng6 17.Bd3 Qc8 18.Nf3 c5 19.f5 Ne5 20.Nxe5 dxe5 21.Qe2 Rd4 22.b3 c4
23.bxc4 Bb4 24.Nd5 Bxe1 25.Qxe1 Rxc4 26.Bxc4 Qxc4 27.Nxf6+ gxf6 28.Qg3+ Kf8
29.Qa3+ Re7 30.Rd1 Qc5 31.Qd3 Qc6 32.Qe3 Rd7 33.Rxd7 Qxd7 34.Bg3 Qd1+ 35.Kh2 Qxc2
36.Qh6+ Ke7 37.Bh4 Qc6 38.Qg7 Qd6 39.Qxh7 Bxe4 40.Qg8 Qd2 41.Qg4 Bc6 42.Qg8 Qf4+
43.Bg3 Qxf5 44.a5 bxa5 45.Qb8 Qe4 46.Qxa7+ Ke6 47.Qf2 a4 48.h4 a3  0-1

[Event "RUS-chJ"]
[Site "Moscow"]
[Date "1995.??.??"]
[Round "8"]
[White "Gelman, Alexander"]
[Black "Dyachkov, Sergej"]
[Result "0-1"]
[WhiteElo "2425"]
[BlackElo "2490"]

1.e4 d6 2.d4 Nf6 3.Nc3 c6 4.Bd3 e5 5.Nce2 Nbd7 6.c3 d5 7.exd5 cxd5 8.dxe5 Nxe5
9.Bg5 Bc5 10.Bb5+ Nc6 11.Bxf6 Qxf6 12.Nf3 Be6 13.Qa4 O-O 14.O-O Bf5 15.Ng3 Bd7
16.Rad1 a6 17.Rxd5 axb5 18.Qc2 Qe7 19.Ng5 f5 20.Qd2 f4 21.Qd3 g6 22.Rxd7 Qxg5
23.Ne4 Qf5 24.Rxb7 Rad8 25.Qxb5 Qxe4 26.Qxc5 f3 27.Qg5 Rf5 28.Qh6 Ne7 29.Rb4 Qd3
30.Re1 Re5  0-1

[Event "New Castle schev"]
[Site "New Castle on Tyne"]
[Date "1995.??.??"]
[Round "2"]
[White "Martin, Benjamin"]
[Black "Shaw, John"]
[Result "1/2-1/2"]
[WhiteElo "2355"]
[BlackElo "2280"]

1.e4 d6 2.d4 Nf6 3.Nc3 e5 4.Nf3 Nbd7 5.Bc4 Be7 6.O-O O-O 7.a4 c6 8.Re1 b6
9.h3 a6 10.Be3 Bb7 11.dxe5 dxe5 12.Nd2 b5 13.Bb3 Nc5 14.Qf3 Qc7 15.Bxc5 Bxc5
16.Nf1 Qe7 17.Ne3 g6 18.axb5 axb5 19.Rxa8 Bxa8 20.Ne2 Bb7 21.c3 Bc8 22.Rd1 Be6
23.Nc1 Bxb3 24.Nxb3 Bb6 25.Rd2 Rd8 26.Ng4 Nxg4 27.Qxg4 Rxd2 28.Nxd2 Qa7 29.Qe2 Qa1+
30.Nf1 b4 31.Qc2 bxc3 32.Qxc3 Bd4 33.Qxc6 Qxb2 34.Qf6 Qe2  1/2-1/2

[Event "New Castle schev"]
[Site "New Castle on Tyne"]
[Date "1995.??.??"]
[Round "3"]
[White "Marley, Justin C"]
[Black "Wall, Tim"]
[Result "0-1"]
[WhiteElo "2110"]
[BlackElo "2250"]

1.e4 d6 2.d4 Nf6 3.Nc3 e5 4.Nf3 Nbd7 5.Bc4 Be7 6.O-O O-O 7.a4 c6 8.h3 Qc7
9.a5 exd4 10.Nxd4 Ne5 11.Be2 Re8 12.f4 Ng6 13.g4 Bf8 14.Bf3 h6 15.Qe1 Bd7
16.Qg3 c5 17.Nf5 Bc6 18.Qg2 b5 19.Re1 Re6 20.h4 b4 21.Nd1 Rae8 22.h5 Bxe4
23.Rxe4 Rxe4 24.hxg6 Re1+ 25.Kh2 fxg6 26.Ng3 Qd7 27.f5 gxf5 28.gxf5 d5 29.Bd2 Bd6
30.Bxe1 Rxe1 31.Qf2 Qe7 32.Kg2 Qe5 33.Be2 Qxg3+ 34.Qxg3 Bxg3 35.Kxg3 Rxe2
36.c3 Re1 37.Kf2 Rh1 38.cxb4 cxb4 39.Rc1 Ne8 40.Kg2 Re1 41.Rc8 Kf7 42.Nf2 Nd6
43.Rb8 Re2 44.Kf3 Rxb2 45.Ra8 Nb5 46.Rb8 Nd4+ 47.Kg2 Nc6  0-1

[Event "Nikolaev zt"]
[Site "Nikolaev"]
[Date "1995.??.??"]
[Round "5"]
[White "Komliakov, Viktor"]
[Black "Rakhmangulov, Andrei"]
[Result "1/2-1/2"]
[WhiteElo "2535"]
[BlackElo "2360"]

1.e4 d6 2.d4 Nf6 3.Nc3 c6 4.f4 Qa5 5.Bd3 e5 6.Nf3 Bg4 7.Be3 Nbd7 8.O-O Be7
9.h3 Bxf3 10.Qxf3 O-O 11.a3 a6 12.Ne2 Rfe8 13.g4 exd4 14.Nxd4 g6 15.Ne2 c5
16.Ng3 d5 17.e5 c4 18.Be2 Bc5 19.Bxc5 Qxc5+ 20.Qf2 Ne4 21.Nxe4 dxe4 22.Qxc5 Nxc5
23.Bxc4 Rad8 24.Rad1 e3 25.Rxd8 Rxd8 26.Re1 Rd4 27.Bf1 Rxf4 28.Rxe3 Rd4 29.b4 Ne6
30.Rd3 Re4 31.Rd7 Nd4 32.Bd3 Rf4 33.Kg2 Nf3 34.Kg3 g5 35.Rxb7 Ne1 36.Rb6 a5
37.Rf6 axb4 38.axb4 Rxb4 39.Rf5 h6 40.Kf2 Nxc2 41.Rf6 Rb2 42.Rxh6 Nb4+ 43.Ke3 Nxd3
44.Kxd3 Kg7 45.Rc6 Rh2 46.Ke4 Rxh3 47.Kf5 Re3  1/2-1/2

[Event "Nikolaev zt"]
[Site "Nikolaev"]
[Date "1995.??.??"]
[Round "7"]
[White "Brodsky, Michail"]
[Black "Rakhmangulov, Andrei"]
[Result "1-0"]
[WhiteElo "2535"]
[BlackElo "2360"]

1.e4 d6 2.d4 Nf6 3.Nc3 c6 4.f4 Qa5 5.Bd3 e5 6.Nf3 Bg4 7.Be3 exd4 8.Bxd4 Qb4
9.Be2 Nxe4 10.O-O d5 11.a3 Qe7 12.Nxe4 dxe4 13.Ng5 Bxe2 14.Qxe2 f5 15.Qh5+ g6
16.Qh3 Bg7 17.Bxg7 Qxg7 18.Ne6 Qe7 19.Qc3 Rg8 20.Qb3 Rf8 21.Nxf8 Kxf8 22.Qc3 Kg8
23.Rad1 Na6 24.Qc4+ Kf8 25.Qd4 Kf7 26.Rf2 Nc7 27.c4 Ne6 28.Qe3 Nc5 29.Re2 Re8
30.Qh3 h5 31.b4 Ne6 32.Qe3 Rd8 33.Rxd8 Qxd8 34.Rd2 Qe7 35.c5 Nc7 36.Rd6 Nd5
37.Qg3 Nf6 38.Qb3+ Nd5 39.Qg3 Nf6 40.Qb3+ Nd5 41.Kf1 e3 42.Rxd5 cxd5 43.Qxd5+ Qe6
44.Qxb7+ Kf6 45.Ke2 Qa2+ 46.Kxe3 Qxa3+ 47.Kf2 Qb2+ 48.Kg3 Qe2 49.Qc6+ Kg7
50.Qc7+ Kh6 51.h3 Qe1+ 52.Kh2 Qxb4 53.Qe5 Kh7 54.c6 Qc4 55.c7 a5 56.Kg3 a4
57.Qe7+ Kh6 58.Qd8 Kg7 59.Qe7+ Kh6 60.Qf8+ Kh7 61.c8=Q h4+ 62.Kxh4 Qxf4+
63.g4  1-0

[Event "Nikolaev zt"]
[Site "Nikolaev"]
[Date "1995.??.??"]
[Round "11"]
[White "Fedorov, Alexei"]
[Black "Komliakov, Viktor"]
[Result "1/2-1/2"]
[WhiteElo "2495"]
[BlackElo "2535"]

1.e4 d6 2.d4 Nf6 3.Nc3 e5 4.dxe5 dxe5 5.Qxd8+ Kxd8 6.Bc4 Be6 7.Bxe6 fxe6
8.f3 Nc6 9.Be3 Bd6 10.O-O-O Ke7  1/2-1/2

[Event "JUG-chT"]
[Site "Nis"]
[Date "1995.??.??"]
[Round "?"]
[White "Maksimovic, Suzana"]
[Black "Ivanisevic, Ivan"]
[Result "1/2-1/2"]
[WhiteElo "2225"]
[BlackElo "2320"]

1.d4 d6 2.e4 Nf6 3.Nc3 e5 4.dxe5 dxe5 5.Qxd8+ Kxd8 6.Nf3 Bd6 7.Bc4 Be6 8.Bxe6 fxe6
9.Be3 Nc6 10.O-O-O Ke7 11.Nd2 a6 12.f3 b5 13.Nb3 Nd7 14.h4 Nb6 15.h5 h6 16.Rh4 Nc4
17.Bf2 Rhf8 18.Rg4 Rf7 19.Rg6 Re8 20.a4 b4 21.Ne2 a5 22.Nc5 Bxc5 23.Bxc5+ Nd6
24.Kb1 Rb8 25.Nc1 Rg8 26.Nd3 Rf6 27.f4 Ke8 28.Nxe5 Nxe5 29.fxe5 Rxg6 30.exd6 Rg5
31.Be3 c5 32.Bxg5 hxg5 33.Rf1 g4 34.e5 Rh8 35.Rf4 Rxh5 36.Rxg4 Rxe5 37.Rxg7 c4
38.Re7+ Kd8 39.Kc1 c3 40.bxc3 bxc3 41.Kb1 Re4 42.Rc7 Rxa4 43.Rxc3 Rd4 44.Rc6 Kd7
45.Ra6 Rg4 46.Rxa5 Rxg2  1/2-1/2

[Event "JUG-chT"]
[Site "Nis"]
[Date "1995.??.??"]
[Round "?"]
[White "Nikolic, Mila"]
[Black "Kostic, Nebojsa"]
[Result "1-0"]
[WhiteElo "2105"]
[BlackElo "2340"]

1.e4 d6 2.d4 Nf6 3.Nc3 c6 4.a4 Qa5 5.Bd2 e5 6.Nge2 Be7 7.h3 exd4 8.Nxd4 Qb4
9.Ncb5 Qc5 10.Nb3 Qe5 11.Nc7+ Kd8 12.Nxa8 Qxe4+ 13.Be3 Nd5 14.Qd3 Qe5 15.O-O-O Nxe3
16.fxe3 Bf5 17.Qd4 Qxd4 18.exd4 Be4 19.Nd2 Bd5 20.c4 Be6 21.Nf3 d5 22.c5 Nd7
23.a5 Nf6 24.Bd3 Ne4 25.Rhe1 f5 26.Kc2 Bf6 27.Ra1 Kd7 28.Nb6+ axb6 29.axb6 g5
30.Ra7 Rb8 31.b4 h5 32.Ne5+ Bxe5 33.dxe5 h4 34.Rea1 Ng3 35.b5 d4 36.Ra8 Rxa8
37.Rxa8 Bd5 38.bxc6+ Bxc6 39.Rg8 Ne4 40.Rg7+ Ke6 41.Rg6+ Kd7 42.Rxc6 Kxc6  1-0

[Event "JUG-ch sf"]
[Site "Nis"]
[Date "1995.??.??"]
[Round "?"]
[White "Kovacevic, Aleksandar"]
[Black "Jovic, Stanoje"]
[Result "1-0"]
[WhiteElo "2425"]
[BlackElo "2265"]

1.e4 d6 2.d4 Nf6 3.Nc3 c6 4.f4 Qa5 5.Bd3 e5 6.Nf3 Bg4 7.Be3 Nbd7 8.Qd2 Bxf3
9.gxf3 Be7 10.O-O-O b5 11.Kb1 Qc7 12.fxe5 dxe5 13.f4 exd4 14.Bxd4 b4 15.Ne2 O-O
16.Ng3 Rfd8 17.Nf5 Nf8 18.Qg2 Ng6 19.Be5 Qb7 20.h4 Ne8 21.h5 Nxe5 22.fxe5 Qc7
23.Qg3 Kh8 24.Rdg1 f6 25.Bc4 Bc5 26.Rg2 Qxe5 27.Qg6 Qxe4 28.Qf7 Rd5 29.Nh6 Qe6
30.Qxe6  1-0

[Event "JUG-ch sf"]
[Site "Nis"]
[Date "1995.??.??"]
[Round "?"]
[White "Pikula, Dejan"]
[Black "Kostic, Nebojsa"]
[Result "1-0"]
[WhiteElo "2450"]
[BlackElo "2340"]

1.e4 d6 2.d4 Nf6 3.Nc3 c6 4.f4 Qa5 5.Bd3 e5 6.Nf3 Bg4 7.Be3 Nbd7 8.O-O Be7
9.h3 Bxf3 10.Qxf3 O-O 11.Ne2 Rfe8 12.c3 b5 13.g4 Rf8 14.Ng3 a6 15.Nf5 Qd8
16.Rad1 exf4 17.Bxf4 Ne8 18.Bg3 Nb6 19.h4 Nc7 20.Qf4 Nc8 21.d5 Bf6 22.Nxd6 Bxh4
23.Bxh4 Qxh4 24.Nf5 Qd8 25.Bc2 Ne8 26.d6 Ra7 27.e5 g6 28.Nh6+ Kg7 29.g5 Rd7
30.e6 Rxd6 31.Qxf7+ Rxf7 32.Rxf7+  1-0

[Event "JUG-ch sf"]
[Site "Nis"]
[Date "1995.??.??"]
[Round "?"]
[White "Zivic, Dragan"]
[Black "Vlatkovic, Sinisa"]
[Result "1/2-1/2"]
[WhiteElo "2270"]
[BlackElo "2320"]

1.e4 d6 2.d4 Nf6 3.Nc3 c6 4.h3 Qa5 5.Bd3 e5 6.Nf3 Be7 7.O-O O-O 8.Be3 Nbd7
9.Qd2 Qc7 10.a4 a5 11.Rfe1 Re8 12.Bc4 exd4 13.Nxd4 Nc5 14.Bg5 Bd7 15.Rad1 Rad8
16.Qf4 Qb6 17.Re3 Ne6 18.Nxe6 Bxe6 19.Bxe6 fxe6 20.b3 Qc5 21.Qh4 Ng4 22.Qxg4 Bxg5
23.Rf3 Kh8 24.Rdd3 Bf6 25.h4 Qa3 26.Nd1 Qc1 27.c4 d5 28.exd5 exd5 29.Kh2 d4
30.g3 c5 31.Rf5 b6 32.Qf3 Rf8 33.Kg2 Rde8 34.g4 Be7 35.Rf7 Kg8 36.Rxf8+ Rxf8
37.Qd5+ Kh8 38.Rf3 Qxd1 39.Rxf8+ Bxf8 40.Qf5 Kg8 41.Qe6+ Kh8 42.Qf5 Kg8 43.Qe6+ Kh8
44.Qf5 Kg8 45.Qe6+ Kh8 46.Qf5 h6 47.Qxf8+ Kh7 48.Qf5+  1/2-1/2

[Event "JUG-ch sf (Women)"]
[Site "Nis"]
[Date "1995.??.??"]
[Round "?"]
[White "Stankovic, Marija"]
[Black "Medjedovic, Jadranka"]
[Result "1-0"]
[WhiteElo "2110"]
[BlackElo "2085"]

1.d4 d6 2.e4 Nf6 3.Nc3 c6 4.Nf3 Bg4 5.Be3 e6 6.Be2 d5 7.exd5 Nxd5 8.Nxd5 Qxd5
9.O-O Nd7 10.c4 Qa5 11.Qb3 Qb6 12.Qc2 Qc7 13.Rfd1 Bd6 14.h3 Bxf3 15.Bxf3 O-O
16.Rac1 Nf6 17.d5 cxd5 18.cxd5 Qxc2 19.Rxc2 e5 20.Bc5 Rfc8 21.Rdc1 Rxc5 22.Rxc5 Bxc5
23.Rxc5 e4 24.Bd1 b6 25.Rb5 Kf8 26.Kf1 Ke7 27.g4 h6 28.Ke2 Kd6 29.Bb3 Rc8
30.Kd2 Rc7 31.a4 Rc5 32.Rxc5 Kxc5 33.Ke3 Kb4 34.Bc2 Nxd5+ 35.Kxe4 Nc7 36.Ke5 Ne6
37.Kd6 Nc5 38.Ke7 Nxa4 39.Bxa4 Kxa4 40.Kxf7 g5 41.Kg6 b5 42.Kxh6 Kb3 43.Kxg5 a5
44.h4 a4 45.h5 b4 46.h6 Kxb2 47.h7 b3 48.h8=Q+ Ka2 49.Kf4 a3 50.Ke3 b2 51.Qg8+ Ka1
52.Qg7 Ka2 53.Qf7+ Ka1 54.Qb3 a2 55.Qc3 Kb1 56.Qd3+ Ka1 57.Qd4  1-0

[Event "NLD-ch"]
[Site "?"]
[Date "1995.??.??"]
[Round "11"]
[White "Riemersma, Liafbern"]
[Black "Cifuentes Parada, Roberto"]
[Result "1-0"]
[WhiteElo "2430"]
[BlackElo "2535"]

1.e4 d6 2.d4 Nf6 3.Nc3 e5 4.Nf3 Nbd7 5.Bc4 Be7 6.O-O O-O 7.Re1 c6 8.a4 h6
9.Ba2 b6 10.d5 c5 11.Bc4 a6 12.Rb1 Qc7 13.Bf1 Nh7 14.g3 Rb8 15.h4 c4 16.Qe2 b5
17.axb5 axb5 18.b4 cxb3 19.Rxb3 Nc5 20.Nxb5 Qd7 21.Ra3 f5 22.exf5 Qxf5 23.c4 Qg6
24.Be3 Nd3 25.Rxd3 e4 26.Ba7 exd3 27.Qxe7 Rb7 28.Qe3 Rxf3 29.Qxf3 d2 30.Ra1 Bg4
31.Qb3 Qh5 32.Qe3 d1=Q 33.Rxd1 Bxd1 34.Nxd6 Rb1 35.Qe6+ Kf8 36.Bc5  1-0

[Event "NLD-chT9596"]
[Site "?"]
[Date "1995.??.??"]
[Round "?"]
[White "Klarenbeek, Hans"]
[Black "Bosch, Jeroen"]
[Result "1/2-1/2"]
[WhiteElo "2425"]
[BlackElo "2425"]

1.e4 d6 2.d4 Nf6 3.Nc3 Nbd7 4.Be3 e5 5.d5 c6 6.Bc4 Be7 7.f3 Nb6 8.Bb3 cxd5
9.Bxb6 Qxb6 10.Nxd5 Nxd5 11.Qxd5 O-O 12.Ne2 Bh4+ 13.g3 Bg5 14.f4 Be6 15.Qd3 exf4
16.Nxf4 Qa5+ 17.Kf2 Bxb3 18.axb3 Qe5 19.Nh3 Bh6 20.Rab1 f5 21.Qd5+ Rf7 22.Qxe5 dxe5
23.Kf3 Rd8 24.Rbd1 Rfd7 25.Rxd7 fxe4+ 26.Kxe4 Rxd7 27.Rf1 g6 28.Kxe5 Rc7
29.Rf2 Bg7+ 30.Kd6 Rc6+ 31.Kd5 Bxb2 32.c4 Bf6 33.Nf4 Be7 34.Ke4 Rb6 35.Rf3 Ba3
36.Rd3 Bd6 37.Nd5 Rc6 38.Nf6+ Kf7 39.Nxh7 Be7 40.Kf4 Rc5 41.h4 b5 42.cxb5 Rxb5
43.g4 Bxh4 44.g5 Rb4+ 45.Kf3 Ke6 46.Nf8+  1/2-1/2

[Event "NLD-chT9596"]
[Site "?"]
[Date "1995.??.??"]
[Round "?"]
[White "Hendriks, Willy"]
[Black "Van den Berg, AMJ."]
[Result "1-0"]
[WhiteElo "2395"]
[BlackElo "2230"]

1.e4 d6 2.d4 Nf6 3.Nc3 e5 4.dxe5 dxe5 5.Qxd8+ Kxd8 6.Nf3 Bd6 7.Bg5 c6 8.O-O-O Ke7
9.Bc4 Be6 10.Nh4 Bc5 11.Nf5+ Bxf5 12.exf5 Bxf2 13.Ne4 Be3+ 14.Bxe3 Nxe4 15.Rhe1 f6
16.Bg1 Ng5 17.h4 Nf7 18.Bc5+ Ke8 19.Re3 Na6 20.Bxf7+ Kxf7 21.Rd7+ Kg8 22.Bd6 h5
23.Rg3 Rh7 24.Rxb7 g5 25.Rxh7 Kxh7 26.hxg5  1-0

[Event "NLD-chT9596"]
[Site "?"]
[Date "1995.??.??"]
[Round "?"]
[White "Peelen, Piet"]
[Black "Zagema, Wieb"]
[Result "0-1"]
[WhiteElo "2395"]
[BlackElo "2400"]

1.d4 d6 2.e4 Nf6 3.Nc3 e5 4.Nf3 Nbd7 5.Bc4 Be7 6.O-O O-O 7.a4 c6 8.Qe2 exd4
9.Nxd4 Ne5 10.Bb3 c5 11.Ndb5 a6 12.Na3 Nc6 13.Bc4 Bd7 14.Bf4 Nd4 15.Qd3 Bc6
16.Rfd1 Nxe4 17.Nxe4 d5 18.c3 dxc4 19.Nxc4 Nb3 20.Qf1 Qc8 21.Bd6 Qe6 22.Ned2 Nxa1
23.Re1 Qg6 24.Bxe7 Rfe8 25.Re5 Nc2 26.Bxc5 b5 27.Rxe8+ Rxe8 28.Ne3 Nxe3 29.fxe3 bxa4
30.Nf3 Bxf3 31.Qxf3 Qb1+ 32.Kf2 Qxb2+ 33.Kg3 Qxc3 34.Bd4 Qc7+ 35.Kh3 a3 36.g4 a2
37.Qd5 Qc8 38.Qg5 f6 39.Bxf6 Qd7 40.Bd4 Qxd4 41.exd4 a1=Q 42.Qd5+ Kh8 43.Qf7 Qa3+  0-1

[Event "Novgorod op"]
[Site "Novgorod"]
[Date "1995.??.??"]
[Round "3"]
[White "Svidler, Peter"]
[Black "Bologan, Viktor"]
[Result "1-0"]
[WhiteElo "2585"]
[BlackElo "2540"]

1.e4 d6 2.d4 Nf6 3.Nc3 e5 4.dxe5 dxe5 5.Qxd8+ Kxd8 6.Bg5 Be6 7.O-O-O+ Nd7
8.f4 exf4 9.Nf3 h6 10.Bxf4 c6 11.Nd4 Bb4 12.e5 Ng4 13.Nxe6+ fxe6 14.Bc4 Ke7
15.Rhe1 Rhf8 16.Bg3 Rf5 17.Rd6 Nc5 18.Rd4 Nf2 19.Re3 Ba5 20.Nd1 Nh1 21.Bh4+ g5
22.Be1 Bxe1 23.Rxe1 Nf2 24.Nc3 a5 25.a3 a4 26.Re3 Raf8 27.g3 h5 28.Be2 g4
29.Nxa4 Nd7 30.Kd2 Nxe5 31.Ke1 Nh3 32.Rde4 Kf6 33.Nb6 Rd8 34.Nc4 Nf3+ 35.Bxf3 gxf3
36.Rxe6+ Kg5 37.Nd6 f2+ 38.Kf1 Rd5 39.Ne4+ Kf5 40.Nxf2 Nxf2 41.Kxf2 Rd2+
42.Kf3 R8d5 43.c4 R5d3 44.Re5+ Kg6 45.Rxd3 Rxd3+ 46.Re3 Rd7 47.Ke4 Kg5 48.h3  1-0

[Event "Noyabrsk"]
[Site "Noyabrsk"]
[Date "1995.??.??"]
[Round "1"]
[White "Stripunsky, Alexander"]
[Black "Prokopchuk, Evgeny"]
[Result "1/2-1/2"]
[WhiteElo "2495"]
[BlackElo "2390"]

1.e4 d6 2.d4 Nf6 3.Nc3 e5 4.Nf3 Nbd7 5.Bc4 Be7 6.O-O O-O 7.Qe2 c6 8.a4 Qe8
9.Re1 Bd8 10.h3 Ba5 11.Bg5 h6 12.Bd2 Bb6 13.d5 Bd4 14.Nxd4 exd4 15.Na2 Nc5
16.Bf4 Ncxe4 17.f3 cxd5 18.Bb5 Qe6 19.fxe4 dxe4 20.Bc4 d5 21.Bb3 Qb6 22.Kh1 d3
23.Qd2 d4 24.a5 Qb5 25.Nc1 Be6 26.Bxe6 fxe6 27.cxd3 e3 28.Qe2 Nh5 29.Bh2 Rf5
30.Qg4 Qxb2 31.Ne2 Rd8 32.Qe4 Kh8 33.Rab1 Qd2 34.Nxd4 Nf6 35.Qxe3 Qxe3 36.Rxe3 Rxd4
37.Rxb7 Rf1+ 38.Bg1 Ra4 39.Rf3 Rxf3 40.gxf3 Rxa5 41.Rxa7 Rf5 42.Kg2 Nd5 43.Bh2 Rg5+
44.Kf2 Rh5 45.d4 Nb4 46.Rc7 Ra5  1/2-1/2

[Event "Noyabrsk"]
[Site "Noyabrsk"]
[Date "1995.??.??"]
[Round "11"]
[White "Kochetkov, German"]
[Black "Komliakov, Viktor"]
[Result "0-1"]
[WhiteElo "2465"]
[BlackElo "2535"]

1.e4 d6 2.d4 Nf6 3.Nc3 c6 4.f4 g6 5.Nf3 Bg7 6.Bd3 O-O 7.O-O Bg4 8.h3 Bxf3
9.Qxf3 Qb6 10.Ne2 c5 11.dxc5 Qxc5+ 12.Be3 Qc7 13.Rae1 Nc6 14.g4 Nd7 15.b3 Nb4
16.a3 Nxd3 17.cxd3 Qa5 18.a4 Qb4 19.Nc1 Rac8 20.Qd1 Bd4 21.Rf2 Bxe3 22.Rxe3 Qd4
23.Qd2 Qc3 24.Re1 Qxd2 25.Rxd2 Rc3 26.b4 Rfc8 27.Na2 Ra3 28.a5 g5 29.e5 gxf4
30.exd6 e6 31.Re4 Rc6 32.Rd4 e5 33.Rd5 f6 34.g5 Kf7 35.gxf6 Ke6 36.Rb5 b6
37.axb6 axb6 38.d4 Rxd6  0-1

[Event "Komercni Banka op"]
[Site "Olomouc"]
[Date "1995.??.??"]
[Round "8"]
[White "Zavurka, Roman"]
[Black "Sekanina, Jiri"]
[Result "1/2-1/2"]
[WhiteElo "2060"]
[BlackElo "2145"]

1.e4 Nf6 2.Nc3 d6 3.d4 c6 4.Nf3 g6 5.Bg5 Bg7 6.Be2 O-O 7.O-O Qc7 8.Qd2 e5
9.Rad1 Re8 10.d5 c5 11.h3 a6 12.a4 Nbd7 13.Nb1 Nxe4 14.Qc1 Nxg5 15.Qxg5 f5
16.Qc1 e4 17.Ne1 Qa5 18.b3 b5 19.Na3 Rb8 20.axb5 axb5 21.Nxb5 Rxb5 22.Bxb5 Qxb5
23.Qe3 Ne5 24.c4 Qb6 25.Rb1 Nxc4 26.Qc1 Ne5 27.Nc2 Ba6 28.Rd1 Be2 29.Rd2 Bd3
30.Rb2 c4 31.bxc4 Qxb2 32.Qxb2 Nf3+ 33.gxf3 Bxb2 34.fxe4 fxe4 35.Ne3 Bc1
36.Ra2 Bxe3 37.fxe3 Bxc4 38.Ra7 Bxd5 39.Rd7 Be6 40.Rxd6 Bxh3 41.Kh2 Bf5 42.Kg3 Kf7
43.Kf4 h6 44.Ra6 Re6 45.Ra1 Kf6 46.Rh1 g5+ 47.Kg3 Kg6 48.Ra1 h5 49.Kh2 Rb6
50.Kg3 Rb2 51.Ra6+ Be6 52.Rxe6+ Kf7 53.Ra6 Rb5 54.Ra8  1/2-1/2

[Event "CRO-chT2"]
[Site "Opatija"]
[Date "1995.??.??"]
[Round "?"]
[White "Mestrovic, Zvonimir"]
[Black "Ruck, Robert"]
[Result "0-1"]
[WhiteElo "2415"]
[BlackElo "2460"]

1.d4 Nf6 2.Nc3 d6 3.e4 Nbd7 4.Nf3 e5 5.Bc4 Be7 6.O-O O-O 7.Qe2 c6 8.dxe5 Nxe5
9.Nxe5 dxe5 10.a4 Bb4 11.Bg5 h6 12.Bh4 Qe7 13.Rad1 a6 14.Na2 Bc5 15.b4 Ba7
16.b5 g5 17.b6 Bxb6 18.Rb1 Bg4 19.Qd3 Bc5 20.Bg3 b5 21.Bb3 Rfd8 22.Qc3 Nxe4
23.Qxe5 Qxe5 24.Bxe5 Nd2  0-1

[Event "CRO-chT2"]
[Site "Opatija"]
[Date "1995.??.??"]
[Round "?"]
[White "Bilic, Mario"]
[Black "Doric, Nenad"]
[Result "1/2-1/2"]
[WhiteElo "2295"]
[BlackElo "2265"]

1.e4 d6 2.d4 Nf6 3.Nc3 Nbd7 4.Nf3 e5 5.Bc4 Be7 6.O-O O-O 7.h3 c6 8.a4 b6
9.Re1 a6 10.b3 Bb7 11.d5 c5 12.g3 Ne8 13.Nh2 Bc8 14.Be3 g6 15.Ng4 Ng7  1/2-1/2